History Quiz

Random History or Country Quiz
Score 0/16 Timer 03:00
3 Plays Today
Date Country % Correct
August 31, 1991Kyrgyzstan/Uzbekistan
100%
July 9, 2011South Sudan
85.3%
June 3, 2006Montenegro/Serbia
84.4%
February 17, 2008Kosovo
80.7%
October 27, 1991Turkmenistan
71.3%
January 1, 1993Slovakia
70.4%
September 9, 1991Tajikistan
69.1%
March 5, 1992Bosnia and Herzegovina
67.9%
Date Country % Correct
December 16, 1991Kazakhstan
67.9%
January 1, 1993Czechia
67.5%
September 8, 1991North Macedonia
65.7%
October 18, 1991Azerbaijan
63.1%
September 21, 1991Armenia
61.5%
May 20, 2002Timor-Leste
55.7%
October 1, 1994Palau
37.4%
May 24, 1993Eritrea
35.4%
Remove Ads.
Support Sporcle.
Get the best of Sporcle when you Go Orange. This ad-free experience offers more features, more stats, and more fun while also helping to support Sporcle. Thank you for becoming a member.

You're not logged in!

Compare scores with friends on all Sporcle quizzes.
OR
Log In

Show Comments

Extras

Top Quizzes Today


Score Distribution

Your Account Isn't Verified!

In order to create a playlist on Sporcle, you need to verify the email address you used during registration. Go to your Sporcle Settings to finish the process.

Report this User

Report this user for behavior that violates our Community Guidelines.

Details: